000 00519cam a2200193ua 4500
001 3344
008 111019n ii |||gr||||Z||||||eng
020 _a81-7224-287-5
040 _cMAIN
082 _a920
100 1 _aChaudhuri, Nirad C.,
245 1 1 _aAutobiography of an unknown indian
_cby Nirad C. Chaudhuri
250 _a18th.
260 _aMumbai:
_bJaico publishing house,
_c2001.
_aDelhi:
300 _a610p:
_c23cm.
653 _aAutobiography
653 _a Autobiography of an unknown indian
942 _cBK
999 _c3189
_d3189